=LDR 00000nam 2200000 4500 =001 INLIS000000000025857 =005 20130612124333 =008 ***********************************ind** =035 ##$$0010-061300000025857 =041 ##$$a ind =082 ##$$a 658 =090 ##$$a 658, HAN p =100 ##$$a Handayaningrat, Suwarno =245 ##$$a Pengantar studi ilmu administrasi dan manajemen, Soewarno Handayaningrat =260 ##$$a 1994 $b Jakarta =300 ##$$a x, 167 hlm., 21 cm =650 ##$$a Manajemen =850 ##$$a NBPNMAT =990 ##$$a 94147/BPAP-NTB/2014 =990 ##$$a 0001/BPAP-NTB/20142015